Irtiqāʼ al-lughah ʻinda al-ṭifl. (Record no. 45678)

MARC details
000 -LEADER
fixed length control field 00665cam a22002411 4500
001 - CONTROL NUMBER
control field ne 63000524
003 - CONTROL NUMBER IDENTIFIER
control field DLC
005 - DATE AND TIME OF LATEST TRANSACTION
control field 20260227111742.0
008 - FIXED-LENGTH DATA ELEMENTS--GENERAL INFORMATION
fixed length control field 950421s1962 xx b 000 0 arao
010 ## - LIBRARY OF CONGRESS CONTROL NUMBER
LC control number ne 63000524
025 ## - OVERSEAS ACQUISITION NUMBER
Overseas acquisition number PL480:UAR-1700
035 ## - SYSTEM CONTROL NUMBER
System control number (OCoLC)32352666
040 ## - CATALOGING SOURCE
Original cataloging agency DLC
Transcribing agency CU
Modifying agency CU
-- DLC
042 ## - AUTHENTICATION CODE
Authentication code premarc
050 00 - LIBRARY OF CONGRESS CALL NUMBER
Classification number LB1139.L3
Item number S4
100 1# - MAIN ENTRY--PERSONAL NAME
Personal name Shammāʻ, Ṣāliḥ,
Dates associated with a name 1926-
245 10 - TITLE STATEMENT
Title Irtiqāʼ al-lughah ʻinda al-ṭifl.
260 ## - PUBLICATION, DISTRIBUTION, ETC.
Date of publication, distribution, etc. [1962]
300 ## - PHYSICAL DESCRIPTION
Extent 11, 179 p.
Dimensions 24 cm.
490 0# - SERIES STATEMENT
Series statement Jamāʻat ʻIlm al-Nafs al-Takāmulī. al-Manshūrāt.
504 ## - BIBLIOGRAPHY, ETC. NOTE
Bibliography, etc. note Bibliography: p. 169-174.
650 #0 - SUBJECT ADDED ENTRY--TOPICAL TERM
Topical term or geographic name entry element Children
General subdivision Language.

No items available.

Powered by Koha